| 000 | 01726cam0 2200373 ib4500 | ||
|---|---|---|---|
| 001 | BY-BR0000-br20259384438 | ||
| 005 | 20260316122312.0 | ||
| 010 |
^a978-5-00114-456-4 ^bв переплете ^d24,20р. |
||
| 100 | ^a20250714d2024 b y0rusy50 ca | ||
| 101 | 1 |
^arus ^cswe |
|
| 102 | ^aRU | ||
| 105 | ^aa z 000fy | ||
| 109 | ^ama | ||
| 200 | 1 |
^aА ну-ка, Петсон! ^e[детям от 0 до 3 лет] ^fСвен Нурдквист ^g[иллюстрации автора] |
|
| 210 |
^aМосква ^cБелая ворона ^cАльбус корвус ^d2024 |
||
| 215 |
^a[22] с. ^cцв. ил. ^d26 см |
||
| 300 | ^aНа титульном листе издательство также на латинском языке: Albus Corvus | ||
| 304 | ^aЗаглавие и автор оригинала: Kan du ingenting, Pettson? / Sven Nordqvist | ||
| 333 | ^a0+ | ||
| 345 | ^97000 экз. | ||
| 454 | 0 |
^12001 ^aKan du ingenting, Pettson? ^1700 1 ^aNordqvist ^bS. ^gSven |
|
| 608 |
^aПРОЗА (лит. произведение) ^3BY-NLB-ar2648148 ^2BYGNR |
||
| 608 |
^aДЕТСКАЯ И ЮНОШЕСКАЯ ЛИТЕРАТУРА (художеств. произведение) ^3BY-NLB-ar9019 ^2BYGNR |
||
| 686 |
^a84(4Шве)-44 ^2rubbk |
||
| 690 |
^a1 ^2Base ^9BY-MI0011 ^xRSEK |
||
| 700 | 1 |
^aНурдквист ^bС. ^gСвен ^cписатель ^cхудожник ^fрод. 1946 ^3BY-PLRB-ar10330314 ^4440 |
|
| 801 | 0 |
^aBY ^bBY-BR0000 ^c20250714 ^gRCR |
|
| 801 | 2 |
^aBY ^bBY-MI0011 ^c20260316 ^gRCR |
|
| 035 | ^a(BY-MI0011)BY-BR0000-br20259384438 | ||
| 899 | 0 |
^aBY-MI0011 ^iН90 ^h84(4/8) |
|